00401nam a2200145 a 450000100060000000300090000600800410001504000280005608200180008410000170010224500520011926000340017130000090020565000410021420326CO-ViMGA141112s2004 ck r 000 u spa d aCO-ViMGAbspacCO-ViMGA04a923.586 G151v1 aValois, Arce10aJose Antonio Galán : bEl simbolo y la imagen aMedellín : bBedout, c1976 a222p14aGALAN - JOSE - ANTONIO - 1749 - 1782